Khảo sát khả năng đối kháng nấm bệnh hại cây trồng của nấm Trichoderma phân lập tại Bình Dương

Cơ quan chủ trì: Đại học Thủ Dầu Một; Đề tài nghiên cứu phân lập, tuyển chọn nấm trichoderma có khả năng đối kháng mạnh với nấm bệnh hại cây trồng. Bước đầu tạo chế phẩm nấm trichoderma trong phòng thí nghiệm có khả năng phòng trừ nấm...

Full beskrivning

Sparad:
Bibliografiska uppgifter
Huvudupphovsman: Đỗ, Lương Ngọc Châu
Övriga upphovsmän: Nguyễn Anh Dũng
Materialtyp: Bok
Språk:Undetermined
Publicerad: Bình Dương 2014
Ämnen:
Länkar:http://lrc.tdmu.edu.vn/opac/search/detail.asp?aID=2&ID=26143
Taggar: Lägg till en tagg
Inga taggar, Lägg till första taggen!
Thư viện lưu trữ: Trung tâm Học liệu Trường Đại học Thủ Dầu Một
LEADER 01514nam a2200205Ia 4500
001 TDMU_26143
008 210410s9999 xx 000 0 und d
082 |a 632.4 
090 |b Đ450 
100 |a Đỗ, Lương Ngọc Châu 
245 0 |a Khảo sát khả năng đối kháng nấm bệnh hại cây trồng của nấm Trichoderma phân lập tại Bình Dương 
245 0 |c Đỗ Lương Ngọc Châu; ThS. Nguyễn Anh Dũng (hướng dẫn) 
260 |a Bình Dương 
260 |c 2014 
300 |a 38tr. 
520 |a Cơ quan chủ trì: Đại học Thủ Dầu Một; Đề tài nghiên cứu phân lập, tuyển chọn nấm trichoderma có khả năng đối kháng mạnh với nấm bệnh hại cây trồng. Bước đầu tạo chế phẩm nấm trichoderma trong phòng thí nghiệm có khả năng phòng trừ nấm gây bệnh cây trồng. Gồm các nội dung: Tổng quan về đề tài nghiên cứu; Cơ sở lý thuyết về đề tài; Quy trình thí nghiệm, kết quả và kiến nghị. 
650 |a Báo cáo khoa học; Bệnh hại cây trồng  |x Kháng bệnh  |x Nấm Trichoderma; Nấm Trichoderma  |x Bảo vệ thực vật 
700 |a Nguyễn Anh Dũng 
856 |u http://lrc.tdmu.edu.vn/opac/search/detail.asp?aID=2&ID=26143 
980 |a Trung tâm Học liệu Trường Đại học Thủ Dầu Một